00946nam a2200229 a 4500001001000000003000500010005001700015008004100032010001100073011001100084040000900095100003300104245021400137260004100351500006000392502007700452650002600529650002800555650003100583700003200614856007000646000115674CHAP20220329144544.0190620s2019 mx a sm |||||||spa d a112135 a113107 cCHAP1 aJesús López, Rocío de.10aEvaluación de rendimiento y descripción fenológica de 9 cultivos en un huerto biointesivo en Tepexpan, Acolman, Estado de México /h[En línea]cpor Rocío De Jesús Lopez y Joaquin Lazaro Santiago. aChapingo, Méx. :bEl autor,c2019. aPara ver el contenido del material haga clic en la liga aTesis (Ing. Agr. Esp. en Fitotecnia) -- UACH. Departamento de Fitotecnia14aCultivos orgánicos.14aCultivosxMejoramiento.14aCultivoszMéxico (Edo.).1 aLázaro Santiago, Joaquin. aFinding aiduhttp://10.13.5.2/tesis/sist115674.pdfzTeclea aquí